Fond na podporu zahraničného obchodu

Príprava a realizácia významnej legislatívnej normy, akou je zákon NR SR o Fonde na podporu zahraničného obchodu. Odvodenie hlavného zámeru zákona. Úplné znenie zákona NR SR č. 379/1996 Z. z. o Fonde na podporu zahraničného obchodu s výkladom.

Salvato in:
Dettagli Bibliografici
Autore principale: Bartl, J.
Natura: Capitolo di libro
Lingua:slovacco
Soggetti:
Tags: Aggiungi Tag
Nessun Tag, puoi essere il primo ad aggiungerne!!

MARC

LEADER 00000naa a2200000 4500
001 r025574
005 20230919112914.5
041 0 |a slo 
044 |a SK 
245 1 0 |a Fond na podporu zahraničného obchodu  |c J. Bartl 
520 |a Príprava a realizácia významnej legislatívnej normy, akou je zákon NR SR o Fonde na podporu zahraničného obchodu. Odvodenie hlavného zámeru zákona. Úplné znenie zákona NR SR č. 379/1996 Z. z. o Fonde na podporu zahraničného obchodu s výkladom. 
610 2 0 |a zákony 
610 2 0 |a Slovensko 
610 2 0 |a fondy účelové 
610 2 0 |a Fond na podporu zahraničného obchodu 
610 2 0 |a 1996 
610 2 0 |a podpora vývozu 
100 1 |a Bartl, J.